Normal view
MARC view
- Construction projects
Entry Topical Term
001 - CONTROL NUMBER
- control field: 36881
003 - CONTROL NUMBER IDENTIFIER
- control field: NUST
005 - DATE AND TIME OF LATEST TRANSACTION
- control field: 20210314130123.0
008 - FIXED-LENGTH DATA ELEMENTS
- fixed length control field: 210314|| aca||aabn | a|a d
040 ## - CATALOGING SOURCE
- Original cataloging agency: NUST
- Transcribing agency: NUST
150 ## - HEADING--TOPICAL TERM
- Topical term or geographic name entry element: Construction projects
- General subdivision: Management
670 ## - SOURCE DATA FOUND
- Source citation: Work cat.: (NUST): Ritz, George J. 36880, Total construction project management /, c1994.
